000
00433nam a2200145Ia 4500
008
100204s9999 xx 000 0 und d
082
_b
16816
100
_a
खाडीलकर उषा
245
_a
कोंडमारा
260
_b
"अभिजीत प्रकाशन, मुंबई."
_c
1993
300
_a
167
630
_a
कोंडमारा
730
_a
कोंडमारा
942
_c
BOOK
999
_c
461239
_d
461236